000
00300nam a22001337a 4500
008
190225b xxu||||| |||| 00| 0 eng d
020
_a
9780312413149
041
_a
eng
080
_2
5th
_a
371
100
_a
46
101
_a
EDU
245
_a
The Martin's Handbook
_c
Lunsford,A.A
942
_2
udc
_c
BK
999
_c
54175
_d
54175